000 00758nam a2200241Ia 4500
003 OSt
005 20220925174157.0
006 a|||||r|||| 00| 0
007 ta
008 220923b |||||||| |||| 00| 0 eng d
037 _cGeneral Book
040 _aRTL
_cRTL
_beng
041 _2eng
_aeng
082 _aX 9 (D6, 8) :545p2, N67, K7
110 _aSeminar on Exports of Machine Tools (Calcutta India)
_9246158
245 0 _aConclusions and recommendations
260 _aCalcutta
_bI I F T India
_c1967
300 _a83p.
_ccm.
650 _aMechanical
_9239020
700 _aSeminar on Exports of Machine Tools (Calcutta India)
_9246159
942 _hX 9 (D6, 8) :545p2, N67, K7
_cGB
_2CC
999 _c490234
_d490234